000 004640000a22001810004500
003 MACL
005 20160803144339.0
008 160803b xxu||||| |||| 00| 0 eng d
040 _aMACL
_cMACL
041 _aEnglish
082 _a954 DRI
100 _aDrieberg, Trevor
_966076
245 _aEmergency in India
_cTrevor Drieberg
260 _bManas Publications
_c1975
_aNew Delhi
350 _a8.50
650 _aIndian History
_9227
942 _cBK
_k954/DRI
_2ddc
999 _c36082
_d36082